Statistics for Countries Closest to Cameroon (with a map) - One Minute Sprint

Click here to take the quiz!

General Stats

  • This quiz has been taken 63 times
  • The average score is 17 of 20

Answers on the Map

Answers color-coded by a green-red scale on the quiz's map according to % correct below.
 

Answer Stats

Country% Correct
Niger
98%
Nigeria
98%
Central African
Republic
96%
Benin
94%
Chad
94%
Congo
94%
Dem Rep Congo
94%
Ghana
93%
Togo
93%
Gabon
91%
South Sudan
91%
Sudan
89%
Equatorial Guinea
87%
Burkina Faso
81%
Mali
81%
Angola
80%
Côte d'Ivoire
78%
São Tomé
and Príncipe
76%
Algeria
63%
Libya
61%

Score Distribution

Percentile by Number Answered

Percent of People with Each Score

Your Score History

You have not taken this quiz